00528 2200193 4500001002100000008004100021035001900062245007000081100001700151250001000168260004000178300003100218020001700249084001300266082000700279650001400286990001700300990001700317INLIS000000000016414 Ind $a 0010-0525000077$a 30 Kiat mencetak anak kreatif mandiri / $c Dr. Yew Kam Keong, Ph.D$a Yew Kam Keong$a Cet. 2$a Bandung: $b Nuansa Cendekia $c 2024 $a 182 hlm. ; $c 13,5x20,5 cm.$a 979-24-5607-4$a 370 Yew t$a 370$a PENDIDIKAN$a 35159/Bt/2024$a 35160/Bt/2024